|
|
|
|
| LEADER |
00000cam a2200000 7i4500 |
| 001 |
0000002062 |
| 005 |
20020919.0 |
| 020 |
0 |
0 |
|a 9678909855
|
| 090 |
0 |
0 |
|a 354.595062
|b MAL 2002
|
| 110 |
1 |
0 |
|a MALAYSIA
|
| 245 |
1 |
0 |
|a Arahan Perbendaharaan :
|b (hinga 15hb April 2002)
|c disusun oleh Lembaga Penyelidikan Undang-Undang
|
| 260 |
0 |
0 |
|a Petaling Jaya, Selangor :
|b International Law Book Services ,
|c 2002
|
| 300 |
|
|
|a 149 p. ;
|c 25 cm.
|
| 440 |
0 |
0 |
|a Undang-Undang Malaysia
|
| 650 |
0 |
0 |
|a Finance, Public
|z Malaysia
|x Law
|
| 650 |
0 |
0 |
|a Fiscal policy
|z Malaysia
|
| 998 |
|
|
|a JPSM
|
| 999 |
|
|
|a 0000003427
|b Monograph
|c Open Shelf
|e Default branch
|